[Event "10th Philadelphia International"]
[Site "Philadelphia, PA"]
[Date "2016.07.08"]
[Round "5"]
[White "Tickoo, Sahil"]
[Black "Odeh, Kenneth"]
[Result "1-0"]
[WhiteElo "2016"]
[BlackElo "2032"]
[PlyCount "83"]
[EventDate "2016.07.??"]
[EventType "swiss"]
[EventRounds "9"]
[EventCountry "USA"]

1. d4 Nf6 2. Nc3 d5 3. Bg5 Bf5 4. Bxf6 gxf6 5. e3 Bg7 6. Bd3 Bg6 7. f4 Qd7 8.
Qf3 Bxd3 9. cxd3 c6 10. Nge2 O-O 11. O-O Kh8 12. f5 Na6 13. Rad1 Rae8 14. Ng3
Rg8 15. Nce2 e5 16. dxe5 fxe5 17. f6 Bf8 18. Qh5 Rg6 19. Rf5 Rh6 20. Qf3 Bd6
21. e4 Re6 22. Rf1 Nc7 23. Nh5 dxe4 24. Qe3 Rg6 25. dxe4 Ne8 26. Kh1 b6 27. Qf3
Bc7 28. Ng7 Rd6 29. Nxe8 Qxe8 30. g4 Rd2 31. g5 Qe6 32. h4 Qc4 33. Rf2 Bd6 34.
Rg2 Qxa2 35. h5 Rg8 36. Kh2 Rxb2 37. g6 fxg6 38. f7 Rc8 39. hxg6 Bf8 40. g7+
Bxg7 41. Qg4 Bh6 42. Qg8+ 1-0

[Event "10th Philadelphia International"]
[Site "Philadelphia, PA"]
[Date "2016.07.08"]
[Round "6.1"]
[White "Shimanov, Alex"]
[Black "Quevedo, Reynaldo"]
[Result "1-0"]
[WhiteElo "2627"]
[BlackElo "2432"]
[PlyCount "77"]
[EventDate "2016.07.??"]
[EventType "swiss"]
[EventRounds "9"]
[EventCountry "USA"]
[WhiteClock "0:09:52"]
[BlackClock "0:00:13"]

1. d4 d5 2. Bf4 Nf6 3. e3 Bg4 4. f3 Bd7 5. Nc3 e6 6. g4 Bd6 7. Nge2 b5 8. a3 a5
9. Nc1 Bxf4 10. exf4 c6 11. Qd2 Qb6 12. Qe3 O-O 13. Nd3 Na6 14. Rb1 a4 15. Na2
Be8 16. Nab4 Nd7 17. Nxa6 Rxa6 18. h4 Qc7 19. h5 f6 20. g5 fxg5 21. fxg5 c5 22.
dxc5 Qg3+ 23. Kd2 Rxf3 24. Qg1 Ne5 25. Be2 Nc4+ 26. Kd1 Rxd3+ 27. cxd3 Ne3+ 28.
Kd2 Ng2 29. Rf1 Qxg5+ 30. Kc2 e5 31. Kb1 h6 32. Bf3 Nf4 33. Qxg5 hxg5 34. Rhg1
Bc6 35. Rxg5 Nxd3 36. Be2 Nxc5 37. Rxe5 Ne4 38. Rg1 Ra7 39. Re6 1-0

[Event "10th Philadelphia International"]
[Site "Philadelphia, PA"]
[Date "2016.07.08"]
[Round "6.2"]
[White "Gorovets, Andrey"]
[Black "Bachmann, Axel"]
[Result "0-1"]
[WhiteElo "2545"]
[BlackElo "2649"]
[PlyCount "94"]
[EventDate "2016.07.??"]
[EventType "swiss"]
[EventRounds "9"]
[EventCountry "USA"]
[WhiteClock "0:30:10"]
[BlackClock "1:34:07"]

1. c4 e5 2. g3 Nc6 3. Bg2 Nf6 4. Nc3 Bb4 5. Nd5 Bc5 6. e3 d6 7. Ne2 Nxd5 8.
cxd5 Ne7 9. d4 Bb6 10. Bd2 Bg4 11. dxe5 dxe5 12. Bc3 Qd6 13. Qa4+ Bd7 14. Qe4
f6 15. Bb4 Bc5 16. Bxc5 Qxc5 17. O-O Qd6 18. Qc4 f5 19. Rac1 O-O-O 20. f4 e4
21. Rfd1 Kb8 22. Nc3 g5 23. fxg5 h6 24. gxh6 Qxh6 25. Kf2 Qd6 26. h3 a6 27. Ne2
Bb5 28. Qc5 Bxe2 29. Qxd6 Rxd6 30. Kxe2 Rg8 31. g4 Nxd5 32. Bh1 Rh8 33. Bg2
fxg4 34. Bxe4 Nf6 35. Rxd6 cxd6 36. Bg2 gxh3 37. Rh1 h2 38. Bf3 Nd7 39. Kf2 Ne5
40. Be4 Rh3 41. Ke2 Nc4 42. Bf3 Nxb2 43. Rb1 b5 44. Bg2 Rh6 45. Kf2 Nc4 46. a4
Rf6+ 47. Ke2 Rg6 0-1

[Event "10th Philadelphia International"]
[Site "Philadelphia, PA"]
[Date "2016.07.08"]
[Round "6.3"]
[White "Jimenez, Fidel"]
[Black "Zherebukh, Yaroslav"]
[Result "1/2-1/2"]
[WhiteElo "2530"]
[BlackElo "2595"]
[PlyCount "21"]
[EventDate "2016.07.??"]
[EventType "swiss"]
[EventRounds "9"]
[EventCountry "USA"]
[WhiteClock "1:55:51"]
[BlackClock "2:00:10"]

1. d4 d5 2. c4 c6 3. cxd5 cxd5 4. Nf3 Nf6 5. Nc3 Nc6 6. Bf4 a6 7. Rc1 e6 8. e3
Bd6 9. Bxd6 Qxd6 10. Bd3 O-O 11. O-O 1/2-1/2

[Event "10th Philadelphia International"]
[Site "Philadelphia, PA"]
[Date "2016.07.08"]
[Round "6.4"]
[White "Papp, Gabor"]
[Black "Popilski, Gil"]
[Result "1/2-1/2"]
[WhiteElo "2584"]
[BlackElo "2542"]
[PlyCount "98"]
[EventDate "2016.07.??"]
[EventType "swiss"]
[EventRounds "9"]
[EventCountry "USA"]
[WhiteClock "0:01:06"]
[BlackClock "0:15:27"]

1. Nf3 c5 2. c4 Nf6 3. Nc3 Nc6 4. g3 d5 5. d4 cxd4 6. Nxd4 e5 7. Nxc6 bxc6 8.
Bg2 Be6 9. Bg5 Bb4 10. O-O Bxc3 11. bxc3 Qa5 12. cxd5 cxd5 13. c4 Rd8 14. cxd5
Bxd5 15. Bxf6 gxf6 16. Bxd5 Rxd5 17. Qc2 O-O 18. Qf5 Kg7 19. Rfc1 Qa4 20. Rc7
Rfd8 21. Kg2 Rd1 22. Rxd1 Rxd1 23. Qf3 Rd6 24. e4 h5 25. Qxh5 Qxe4+ 26. Kh3 Qd5
27. Qg4+ Kf8 28. Rc8+ Rd8 29. Qb4+ Kg7 30. Qg4+ Kf8 31. Qb4+ Kg7 32. Rxd8 Qxd8
33. a4 Qd5 34. Qg4+ Kf8 35. Qf5 Qc6 36. Qg4 a5 37. Qd1 Kg7 38. Qg4+ Kf8 39. Qd1
Kg7 40. Qb3 f5 41. Qb5 Qxb5 42. axb5 a4 43. b6 a3 44. b7 a2 45. b8=Q a1=Q 46.
Kg2 Qd4 47. Qb7 f4 48. Qf3 fxg3 49. hxg3 Kg6 1/2-1/2

[Event "10th Philadelphia International"]
[Site "Philadelphia, PA"]
[Date "2016.07.08"]
[Round "6"]
[White "Kannappan, Priyadharshan"]
[Black "Burke, John"]
[Result "1-0"]
[WhiteElo "2484"]
[BlackElo "2571"]
[PlyCount "129"]
[EventDate "2016.07.??"]
[EventType "swiss"]
[EventRounds "9"]
[EventCountry "USA"]

1. d4 d5 2. Nf3 Nf6 3. e3 Bf5 4. Bd3 Bg6 5. Ne5 c5 6. Bb5+ Nbd7 7. dxc5 e6 8.
b4 a5 9. c3 axb4 10. Nxd7 Nxd7 11. cxb4 Be7 12. Bb2 O-O 13. O-O Qc7 14. Nd2
Rfc8 15. Nf3 b6 16. c6 Nb8 17. Rc1 Qd6 18. Be5 Qxb4 19. c7 Qxb5 20. cxb8=Q
Raxb8 21. Bxb8 Rxb8 22. Nd4 Qd7 23. Nc6 Ra8 24. Nxe7+ Qxe7 25. Qb3 h5 26. Qxb6
Rxa2 27. Rc8+ Kh7 28. Qb8 Bd3 29. Rh8+ Kg6 30. Qg3+ Qg5 31. Qxg5+ Kxg5 32. Rd1
Bg6 33. h3 Rc2 34. Rd4 Rc4 35. Rxc4 dxc4 36. Rc8 Bd3 37. Rc5+ Kg6 38. h4 f6 39.
f3 e5 40. Rc7 Kh6 41. Kf2 Kg6 42. Ke1 Kh6 43. g3 Kh7 44. Kd2 Kh6 45. Kc3 Kg6
46. Re7 Kh6 47. Ra7 Kh7 48. f4 Kg6 49. Re7 e4 50. Kd4 Kh7 51. Rc7 Kh6 52. f5
Kh7 53. Rc8 g6 54. Rc7+ Kh6 55. Rf7 gxf5 56. Rxf6+ Kg7 57. Rxf5 Kg6 58. Rc5 Kh6
59. Rc6+ Kg7 60. Ke5 Kh7 61. Kf5 Kg7 62. Rc7+ Kh6 63. Kf6 Be2 64. Ke5 Bd3 65.
Kf5 1-0

[Event "10th Philadelphia International"]
[Site "Philadelphia, PA"]
[Date "2016.07.08"]
[Round "6"]
[White "Mulyar, Michael"]
[Black "Titus, Andrew"]
[Result "1-0"]
[WhiteElo "2381"]
[BlackElo "2173"]
[PlyCount "97"]
[EventDate "2016.07.??"]
[EventType "swiss"]
[EventRounds "9"]
[EventCountry "USA"]

1. d4 d5 2. c4 e6 3. Nf3 Nf6 4. g3 Bb4+ 5. Bd2 Be7 6. Bg2 O-O 7. O-O c6 8. Qb3
b6 9. Nc3 Ba6 10. cxd5 cxd5 11. Rfc1 Bb7 12. Nb5 Ne8 13. a4 a6 14. Nc7 Nxc7 15.
Qxb6 Nb5 16. Qxd8 Rxd8 17. axb5 axb5 18. Rxa8 Bxa8 19. Ne5 Bf6 20. f4 Bxe5 21.
dxe5 Bc6 22. e3 Rc8 23. Bf1 Bd7 24. Rxc8+ Bxc8 25. Bxb5 Bd7 26. Bxd7 Nxd7 27.
Bb4 f6 28. exf6 gxf6 29. Kf2 Kf7 30. g4 Kg6 31. Bd6 h5 32. h3 hxg4 33. hxg4 Nb6
34. b3 e5 35. fxe5 fxe5 36. Bxe5 Nc8 37. Bf4 Na7 38. Ke2 Nb5 39. Kd3 Kf6 40. e4
dxe4+ 41. Kxe4 Ke6 42. Be5 Na7 43. b4 Nb5 44. g5 Na7 45. g6 Nb5 46. g7 Kf7 47.
Kd5 Na7 48. Kc5 Kg8 49. b5 1-0

[Event "10th Philadelphia International"]
[Site "Philadelphia, PA"]
[Date "2016.07.08"]
[Round "6"]
[White "Balakrishnan, Praveen"]
[Black "Yim, Sung"]
[Result "1-0"]
[WhiteElo "2367"]
[BlackElo "2169"]
[PlyCount "73"]
[EventDate "2016.07.??"]
[EventType "swiss"]
[EventRounds "9"]
[EventCountry "USA"]

1. e4 c5 2. Nf3 d6 3. d4 cxd4 4. Nxd4 Nf6 5. Nc3 a6 6. Be2 e5 7. Nb3 Be7 8. O-O
O-O 9. Kh1 Nc6 10. f3 Be6 11. Nd5 Bxd5 12. exd5 Nb8 13. Be3 Nbd7 14. Qd2 Ne8
15. Na5 Qc7 16. c4 g6 17. b4 Ng7 18. Bd3 f5 19. Rac1 Kh8 20. Bb1 Bd8 21. Nb3 b6
22. c5 bxc5 23. bxc5 dxc5 24. d6 Qa7 25. Nxc5 Bb6 26. Qb4 Bxc5 27. Bxc5 Qb8 28.
Qd2 Ne6 29. Ba3 Qb5 30. Bb2 Rab8 31. Ba1 Kg8 32. a3 Rfc8 33. Ba2 Kf7 34. f4 e4
35. Qd4 Rg8 36. Rfd1 Qe2 37. Bxe6+ 1-0

[Event "10th Philadelphia International"]
[Site "Philadelphia, PA"]
[Date "2016.07.08"]
[Round "6"]
[White "Zhang, Chao"]
[Black "Viswanadha, Kesav"]
[Result "1-0"]
[WhiteElo "2156"]
[BlackElo "2357"]
[PlyCount "79"]
[EventDate "2016.07.??"]
[EventType "swiss"]
[EventRounds "9"]
[EventCountry "USA"]

1. e4 e5 2. Nf3 Nc6 3. Bb5 a6 4. Ba4 Nf6 5. O-O Be7 6. Re1 b5 7. Bb3 d6 8. c3
O-O 9. h3 Bb7 10. d4 Nd7 11. Nbd2 exd4 12. cxd4 Bf6 13. Nf1 Na5 14. Bc2 Re8 15.
Rb1 c5 16. d5 Nc4 17. b3 Nce5 18. Nxe5 Bxe5 19. f4 Bc3 20. Re2 Qf6 21. Be3 Rac8
22. Ng3 Ba5 23. Rf2 g6 24. e5 Qh4 25. Ne4 Bc7 26. Qd2 Qe7 27. Rd1 Qf8 28. Ng5
Nb6 29. f5 Qe7 30. Nxf7 Qxf7 31. e6 Qf6 32. fxg6 Qe5 33. gxh7+ Kh8 34. Rf5 Qg7
35. Rf7 Qe5 36. Bf4 Qb2 37. Rb1 Qd4+ 38. Qxd4+ cxd4 39. Bh6 d3 40. Bxd3 1-0

[Event "10th Philadelphia International"]
[Site "Philadelphia, PA"]
[Date "2016.07.08"]
[Round "6"]
[White "Ghatti, Sanjay"]
[Black "Niemann, Hans"]
[Result "0-1"]
[WhiteElo "2151"]
[BlackElo "2269"]
[PlyCount "96"]
[EventDate "2016.07.??"]
[EventType "swiss"]
[EventRounds "9"]
[EventCountry "USA"]

1. e4 c5 2. Nf3 e6 3. d4 cxd4 4. Nxd4 Nc6 5. Nc3 Qc7 6. Be2 a6 7. Be3 b5 8.
Nxc6 dxc6 9. f4 e5 10. O-O Bd6 11. f5 Nf6 12. Bf3 Bb7 13. Qe1 b4 14. Nb1 c5 15.
Nd2 c4 16. c3 O-O 17. Kh1 bxc3 18. bxc3 Bc5 19. Bxc5 Qxc5 20. Rb1 Bc6 21. Rb4
a5 22. Rb1 Rab8 23. Qe2 Bb5 24. Rfd1 Qa3 25. Qe3 Rfd8 26. Be2 Qxa2 27. Ra1 Qb2
28. Rab1 Qa3 29. Ra1 Qd6 30. Nxc4 Qc7 31. Rxd8+ Rxd8 32. Nxa5 Bxe2 33. Qxe2 Ra8
34. Nb3 Rxa1+ 35. Nxa1 Qxc3 36. Nc2 h6 37. g3 Qc6 38. Nb4 Qb7 39. Nd5 Nxd5 40.
exd5 Qxd5+ 41. Kg1 Kh7 42. h3 Kg8 43. Qc2 Qf3 44. Kh2 e4 45. Qc8+ Kh7 46. Qd7
f6 47. g4 Qf2+ 48. Kh1 Qg3 0-1

[Event "10th Philadelphia International"]
[Site "Philadelphia, PA"]
[Date "2016.07.08"]
[Round "6"]
[White "Atoufi, Pedram"]
[Black "Aldama, Dionisio"]
[Result "1-0"]
[WhiteElo "2272"]
[BlackElo "2391"]
[PlyCount "73"]
[EventDate "2016.07.??"]
[EventType "swiss"]
[EventRounds "9"]
[EventCountry "USA"]

1. e4 e5 2. Nf3 Nc6 3. Bb5 a6 4. Ba4 Nf6 5. O-O b5 6. Bb3 Bb7 7. c3 Nxe4 8. d4
d5 9. dxe5 Na5 10. Bc2 c5 11. Bf4 Nc4 12. Qc1 Be7 13. Rd1 Qb6 14. b3 Na5 15.
Qe3 O-O 16. Nbd2 Nxd2 17. Rxd2 Rfe8 18. Re1 g6 19. Ng5 Bf8 20. e6 fxe6 21. Qh3
Re7 22. Be5 Bc8 23. Bxg6 Raa7 24. Re3 Nc6 25. Bf6 h6 26. Rg3 Bg7 27. Bxe7 Rxe7
28. Nf7 Kf8 29. Nxh6 Rb7 30. Rf3+ Ke7 31. Qh4+ Kd6 32. Nf7+ Rxf7 33. Bxf7 b4
34. c4 Nd4 35. Rg3 Nf5 36. Qf4+ Be5 37. Rxd5+ 1-0

[Event "10th Philadelphia International"]
[Site "Philadelphia, PA"]
[Date "2016.07.08"]
[Round "6"]
[White "Taghizadeh, Rayan"]
[Black "Zhang, Yuanchen"]
[Result "0-1"]
[WhiteElo "2182"]
[BlackElo "2281"]
[PlyCount "84"]
[EventDate "2016.07.??"]
[EventType "swiss"]
[EventRounds "9"]
[EventCountry "USA"]

1. e4 e5 2. Nf3 Nc6 3. Bc4 Bc5 4. O-O Nf6 5. Re1 d6 6. c3 O-O 7. d3 a6 8. Bb3
Ba7 9. h3 h6 10. Nbd2 Nh5 11. Nf1 Qf6 12. Be3 Bxe3 13. Nxe3 Nf4 14. Nd5 Nxd5
15. exd5 Ne7 16. d4 Ng6 17. Bc2 Bf5 18. dxe5 dxe5 19. Bxf5 Qxf5 20. Qb1 Qxb1
21. Raxb1 f6 22. c4 Rfd8 23. Red1 Rd7 24. Rd2 Rad8 25. Rc2 c6 26. dxc6 bxc6 27.
Re1 Nf4 28. a3 a5 29. Kh2 c5 30. g3 Ne6 31. Ree2 a4 32. Rcd2 Nd4 33. Nxd4 Rxd4
34. Rc2 Rb8 35. Red2 Rb3 36. Rxd4 cxd4 37. c5 d3 38. Rd2 Kf7 39. f3 Ke6 40. Kg2
Kd5 41. Kf2 Kd4 42. c6 Rb6 0-1

[Event "10th Philadelphia International"]
[Site "Philadelphia, PA"]
[Date "2016.07.08"]
[Round "6"]
[White "Peng, David"]
[Black "Tickoo, Sahil"]
[Result "1-0"]
[WhiteElo "2261"]
[BlackElo "2016"]
[PlyCount "62"]
[EventDate "2016.07.??"]
[EventType "swiss"]
[EventRounds "9"]
[EventCountry "USA"]

1. e4 c5 2. Nf3 d6 3. d4 cxd4 4. Nxd4 Nf6 5. Nc3 a6 6. g3 e5 7. Nb3 Be7 8. Bg2
O-O 9. O-O b5 10. a4 b4 11. Nd5 a5 12. Be3 Nbd7 13. h3 Ba6 14. Re1 Bc4 15.
Nxe7+ Qxe7 16. Nd2 Ba6 17. f4 Rfc8 18. f5 Bb7 19. g4 d5 20. exd5 Nxd5 21. Bf2
Rc7 22. Kh2 Rd8 23. Nb3 N7b6 24. Nxa5 Ne3 25. Qxd8+ Qxd8 26. Nxb7 Rxb7 27. Bxb7
Nbc4 28. Rxe3 Nxe3 29. Bxe3 e4 30. Kg2 Qe7 31. Bd5 Qe5 1-0

[Event "10th Philadelphia International"]
[Site "Philadelphia, PA"]
[Date "2016.07.08"]
[Round "6"]
[White "Yao, Lan"]
[Black "Guddanti, Harshita"]
[Result "1/2-1/2"]
[WhiteElo "2131"]
[BlackElo "2143"]
[PlyCount "112"]
[EventDate "2016.07.??"]
[EventType "swiss"]
[EventRounds "9"]
[EventCountry "USA"]

1. e4 c5 2. Nf3 d6 3. d4 cxd4 4. Nxd4 Nf6 5. Nc3 g6 6. Be3 Bg7 7. f3 O-O 8. Qd2
Nc6 9. O-O-O d5 10. Qe1 e5 11. Nxc6 bxc6 12. exd5 Nxd5 13. Bc4 Be6 14. Kb1 Rb8
15. Ne4 f5 16. Nc5 Bf7 17. Bb3 Qc8 18. Bf2 Nb6 19. h4 h6 20. Rg1 Bd5 21. Qe2 a5
22. Qa6 a4 23. Qxc8 Rfxc8 24. Nxa4 Nxa4 25. Bxa4 e4 26. Bb3 exf3 27. gxf3 Kh7
28. Rd3 Re8 29. Bd4 Bxb3 30. axb3 Rbd8 31. Rgd1 Bxd4 32. Rxd4 Rxd4 33. Rxd4 Re3
34. Rf4 Re1+ 35. Ka2 Kg7 36. Rc4 Rf1 37. Rxc6 Rxf3 38. b4 g5 39. hxg5 hxg5 40.
b5 Re3 41. b6 Re8 42. Rd6 f4 43. c4 f3 44. Rd1 Rc8 45. b7 Rb8 46. Rd3 g4 47.
Rd4 Rxb7 48. Rxg4+ Kf8 49. Rg1 f2 50. Rf1 Rf7 51. Kb3 Ke7 52. Kc3 Kd6 53. b4
Rf4 54. Kb3 Kc6 55. Ka4 Kb6 56. c5+ Ka6 1/2-1/2

[Event "10th Philadelphia International"]
[Site "Philadelphia, PA"]
[Date "2016.07.08"]
[Round "6"]
[White "Carreto, Giovanni"]
[Black "Hu, Pinyi"]
[Result "1-0"]
[WhiteElo "2241"]
[BlackElo "1595"]
[PlyCount "51"]
[EventDate "2016.07.??"]
[EventType "swiss"]
[EventRounds "9"]
[EventCountry "USA"]

1. e4 c5 2. Nf3 d6 3. d4 cxd4 4. Nxd4 Nf6 5. Nc3 g6 6. Be3 Bg7 7. f3 O-O 8. Bc4
Nc6 9. Qd2 Bd7 10. O-O-O Rc8 11. Bb3 Nxd4 12. Bxd4 b5 13. Nd5 Nxd5 14. Bxg7
Kxg7 15. exd5 Kg8 16. Rhe1 a5 17. a3 b4 18. axb4 axb4 19. Qxb4 Rb8 20. Qc3 Qb6
21. Rxe7 Rfc8 22. Qf6 Be8 23. Ba4 Qxb2+ 24. Qxb2 Rxb2 25. Rxe8+ Rxe8 26. Bxe8
1-0

[Event "10th Philadelphia International"]
[Site "Philadelphia, PA"]
[Date "2016.07.08"]
[Round "6"]
[White "Baumgartner, Blake"]
[Black "Zhou, Guijue"]
[Result "1/2-1/2"]
[WhiteElo "1877"]
[BlackElo "2238"]
[PlyCount "77"]
[EventDate "2016.07.??"]
[EventType "swiss"]
[EventRounds "9"]
[EventCountry "USA"]

1. e4 e5 2. Nf3 Nf6 3. Nxe5 d6 4. Nf3 Nxe4 5. Nc3 Nf6 6. d4 Be7 7. Bd3 O-O 8.
Ne2 Re8 9. O-O c5 10. Ng3 g6 11. c4 d5 12. Re1 Nc6 13. dxc5 Bxc5 14. Rxe8+ Qxe8
15. cxd5 Ne5 16. Bg5 Nfg4 17. Ne4 Nxd3 18. Qxd3 Bf5 19. Qc3 Bxe4 20. Qxc5 Ne5
21. Nd2 Nd7 22. Qd4 Bc2 23. Nf3 Qe4 24. Re1 Qxd4 25. Nxd4 Bd3 26. Re7 Rd8 27.
Rxf7 Kxf7 28. Bxd8 Bc4 29. b3 Bxd5 30. f3 a6 31. Kf2 Ne5 32. Bb6 Nc6 33. Ne2
Nb4 34. Nc3 Bc6 35. g3 Nd5 36. Nxd5 Bxd5 37. f4 h5 38. Ke3 Ke6 39. Bd4 1/2-1/2

[Event "10th Philadelphia International"]
[Site "Philadelphia, PA"]
[Date "2016.07.08"]
[Round "6"]
[White "Shepherd, Duncan"]
[Black "Nieto, Manuel"]
[Result "1/2-1/2"]
[WhiteElo "1687"]
[BlackElo "1994"]
[PlyCount "81"]
[EventDate "2016.07.??"]
[EventType "swiss"]
[EventRounds "9"]
[EventCountry "USA"]

1. d4 Nf6 2. c4 e6 3. Nf3 Bb4+ 4. Nbd2 b6 5. a3 Bxd2+ 6. Qxd2 Bb7 7. e3 O-O 8.
Be2 d6 9. b4 Nbd7 10. Bb2 Qe7 11. O-O e5 12. d5 Ne4 13. Qc2 f5 14. Bd3 Ndf6 15.
Nd2 Nxd2 16. Qxd2 Nd7 17. f4 e4 18. Bc2 a5 19. Bb3 Ra7 20. Rac1 Bc8 21. Kh1 Nf6
22. g3 Bd7 23. Bd4 Rfa8 24. Qb2 Kf7 25. Rfd1 axb4 26. axb4 Ba4 27. Bxa4 Rxa4
28. Ra1 Qe8 29. c5 Qb5 30. cxd6 cxd6 31. Rxa4 Rxa4 32. Rb1 Nxd5 33. Qc1 Rxb4
34. Rxb4 Qxb4 35. Qc8 Qe1+ 36. Kg2 Qe2+ 37. Kg1 Qe1+ 38. Kg2 Nxe3+ 39. Bxe3
Qxe3 40. Qd7+ Kf8 41. Qd8+ 1/2-1/2

[Event "10th Philadelphia International"]
[Site "Philadelphia, PA"]
[Date "2016.07.08"]
[Round "6"]
[White "Su, Michael"]
[Black "Nieto, Guillermo"]
[Result "1/2-1/2"]
[WhiteElo "1644"]
[BlackElo "1894"]
[PlyCount "207"]
[EventDate "2016.07.??"]
[EventType "swiss"]
[EventRounds "9"]
[EventCountry "USA"]

1. d4 Nf6 2. c4 e6 3. Nc3 Bb4 4. e3 c5 5. Nge2 b6 6. a3 Ba5 7. Rb1 Na6 8. Bd2
Bb7 9. Nb5 Bxd2+ 10. Qxd2 d5 11. cxd5 exd5 12. Ng3 O-O 13. Be2 Qd7 14. O-O Rfd8
15. dxc5 bxc5 16. Rfd1 Qc6 17. Bf1 Nc7 18. Nxc7 Qxc7 19. Qc3 Rac8 20. Be2 Qd7
21. Qe5 Qe6 22. Qf4 h6 23. Bd3 Qc6 24. Nf5 Kf8 25. Qg3 Ne8 26. Qe5 Qe6 27. Qf4
Nd6 28. Nxd6 Qxd6 29. Qxd6+ Rxd6 30. Bf5 Rc7 31. Rbc1 Rb6 32. Rd2 g6 33. Bg4 f5
34. Bf3 Rd6 35. Rcd1 Rcd7 36. h3 Ke7 37. Rc1 Rc7 38. Rdc2 c4 39. Rd2 Ke6 40.
Rd4 Rb6 41. Rc2 Bc6 42. Kf1 Rcb7 43. Rdd2 a5 44. Ke1 Ke5 45. Ke2 Rb3 46. Kd1
Rd7 47. Rd4 Ba4 48. Kc1 g5 49. Rcd2 Bc6 50. Bd1 Rb6 51. g3 Rdb7 52. Rc2 Ba4 53.
Rcd2 Bc6 54. Bc2 Rxb2 55. f4+ gxf4 56. exf4+ Kf6 57. g4 fxg4 58. hxg4 Ra2 59.
g5+ hxg5 60. fxg5+ Kg7 61. Rh2 Rxa3 62. Rh7+ Kg8 63. g6 c3 64. Kd1 Ra1+ 65. Ke2
Rb2 66. Kd3 Bb5+ 67. Kxc3 Raa2 68. Bf5 Re2 69. Rxd5 Ra3+ 70. Kd4 Rd2+ 71. Ke5
Re3+ 72. Kd6 Rxd5+ 73. Kxd5 Be8 74. Be6+ Rxe6 75. Kxe6 Bxg6 76. Ra7 Bc2 77.
Rxa5 Kg7 78. Rg5+ Kh7 79. Kf6 Bd3 80. Rg7+ Kh8 81. Kf7 Bc4+ 82. Kf8 Bd3 83. Rg3
Be4 84. Rg4 Bf5 85. Rg5 Bd3 86. Kf7 Bc4+ 87. Kf8 Bd3 88. Kf7 Bc4+ 89. Kf6 Kh7
90. Rh5+ Kg8 91. Rh4 Bd3 92. Rd4 Bc2 93. Rd7 Bb3 94. Re7 Bc2 95. Rg7+ Kh8 96.
Kf7 Bb3+ 97. Kf8 Bc2 98. Rg2 Be4 99. Rh2+ Bh7 100. Ke7 Kg7 101. Rg2+ Bg6 102.
Ke6 Kh7 103. Kf6 Bd3 104. Rg3 1/2-1/2

[Event "10th Philadelphia International"]
[Site "Philadelphia, PA"]
[Date "2016.07.08"]
[Round "6"]
[White "Odeh, Kenneth"]
[Black "Aggarwal, Vaibhav"]
[Result "0-1"]
[WhiteElo "2032"]
[BlackElo "1799"]
[PlyCount "106"]
[EventDate "2016.07.??"]
[EventType "swiss"]
[EventRounds "9"]
[EventCountry "USA"]

1. e4 c5 2. Nc3 Nc6 3. g3 g6 4. Bg2 Bg7 5. d3 e6 6. Be3 d6 7. Qd2 Qb6 8. Rb1
Nd4 9. Nd1 Ne7 10. c3 Ndc6 11. b4 Ne5 12. h3 Qa6 13. b5 Qa5 14. f4 Nd7 15. c4
Qxd2+ 16. Bxd2 Nb6 17. Ne2 d5 18. cxd5 exd5 19. O-O O-O 20. g4 c4 21. dxc4 dxe4
22. Bb4 Re8 23. Ne3 f5 24. Bc3 Be6 25. Bxg7 Kxg7 26. Nd4 Bxc4 27. Nxc4 Nxc4 28.
Ne6+ Kf7 29. Nc7 Nd2 30. Nxe8 Rxe8 31. b6 Nxb1 32. Rxb1 a6 33. Bf1 Rc8 34. Kf2
Nd5 35. Kg3 Rc3+ 36. Kh2 Rc2+ 37. Kg1 Rc8 38. Kf2 Nxf4 39. Ke3 Ne6 40. gxf5
gxf5 41. Rb3 Kf6 42. Ra3 Ke5 43. Ra5+ Rc5 44. Rxa6 f4+ 45. Ke2 bxa6 46. a4 Nd8
47. h4 a5 48. h5 Rc6 49. Kf2 Rxb6 50. Kg2 Rh6 51. Be2 f3+ 52. Kf2 fxe2 53. Ke1
Kd4 0-1

[Event "10th Philadelphia International"]
[Site "Philadelphia, PA"]
[Date "2016.07.08"]
[Round "6"]
[White "Wettasinha, Vasanta"]
[Black "Slade, Theodore"]
[Result "0-1"]
[WhiteElo "1760"]
[BlackElo "2018"]
[PlyCount "52"]
[EventDate "2016.07.??"]
[EventType "swiss"]
[EventRounds "9"]
[EventCountry "USA"]

1. d4 Nf6 2. Nc3 d5 3. Bg5 e6 4. e4 Bb4 5. e5 h6 6. Bd2 Bxc3 7. bxc3 Ne4 8. Bd3
Nxd2 9. Qxd2 c5 10. f4 Nc6 11. Nf3 Qa5 12. dxc5 Qxc5 13. Nd4 Bd7 14. Nb3 Qb6
15. a4 Rc8 16. a5 Qc7 17. O-O Ne7 18. Qf2 a6 19. Qg3 O-O 20. Rf3 Kh8 21. Qf2 f6
22. exf6 Rxf6 23. Rf1 Rcf8 24. g4 e5 25. Qh4 e4 26. g5 Rg6 0-1

[Event "10th Philadelphia International"]
[Site "Philadelphia, PA"]
[Date "2016.07.09"]
[Round "7.1"]
[White "Bachmann, Axel"]
[Black "Shimanov, Alex"]
[Result "1/2-1/2"]
[WhiteElo "2649"]
[BlackElo "2627"]
[PlyCount "40"]
[EventDate "2016.07.??"]
[EventType "swiss"]
[EventRounds "9"]
[EventCountry "USA"]
[WhiteClock "0:50:16"]
[BlackClock "0:59:55"]

1. Nf3 Nf6 2. g3 g6 3. b3 Bg7 4. Bb2 c5 5. c4 Nc6 6. Bg2 d6 7. O-O O-O 8. d4
cxd4 9. Nxd4 Bd7 10. Nc3 Qa5 11. e3 Rac8 12. Rc1 a6 13. a3 Bg4 14. Qd2 Qh5 15.
Nce2 Nxd4 16. Nxd4 e5 17. Nc2 Bf3 18. Bxf3 Qxf3 19. Qd1 Qc6 20. Nb4 Qb6 1/2-1/2

[Event "10th Philadelphia International"]
[Site "Philadelphia, PA"]
[Date "2016.07.09"]
[Round "7.2"]
[White "Zherebukh, Yaroslav"]
[Black "Kannappan, Priyadharshan"]
[Result "0-1"]
[WhiteElo "2595"]
[BlackElo "2484"]
[PlyCount "80"]
[EventDate "2016.07.??"]
[EventType "swiss"]
[EventRounds "9"]
[EventCountry "USA"]
[WhiteClock "0:21:08"]
[BlackClock "0:10:25"]

1. d4 d5 2. c4 dxc4 3. e4 e5 4. Nf3 Bb4+ 5. Nc3 exd4 6. Qxd4 Qxd4 7. Nxd4 Nf6
8. f3 Bc5 9. Be3 Nc6 10. Nc2 Bxe3 11. Nxe3 Be6 12. O-O-O Ne5 13. Nb5 Ke7 14.
Nxc7 Rac8 15. Nb5 g6 16. Be2 Rc5 17. Nd4 b5 18. Kb1 Rhc8 19. Rc1 Ned7 20. Rhd1
Nb6 21. g3 a5 22. Bf1 b4 23. Nxe6 fxe6 24. Rd4 e5 25. Rdd1 c3 26. b3 Rf8 27. a3
Nfd7 28. Be2 Nb8 29. Nc2 Nc6 30. a4 Nd8 31. Ne1 Rc7 32. Rd3 Ne6 33. Re3 Nc5 34.
Kc2 Rd7 35. Nd3 Nxd3 36. Bxd3 Na8 37. Kd1 Nc7 38. Ke2 Ne6 39. Kf2 Nc5 40. Bc4
Rd2+ 0-1

[Event "10th Philadelphia International"]
[Site "Philadelphia, PA"]
[Date "2016.07.09"]
[Round "7.3"]
[White "Popilski, Gil"]
[Black "Antal, Gergely"]
[Result "1-0"]
[WhiteElo "2542"]
[BlackElo "2545"]
[PlyCount "79"]
[EventDate "2016.07.??"]
[EventType "swiss"]
[EventRounds "9"]
[EventCountry "USA"]
[WhiteClock "0:07:11"]
[BlackClock "0:02:13"]

1. d4 d5 2. c4 dxc4 3. Nf3 a6 4. e3 Bg4 5. Bxc4 e6 6. O-O Nc6 7. Nbd2 Nf6 8. b3
Bd6 9. Bb2 O-O 10. Be2 h6 11. Rc1 Nd5 12. Ne4 Qe7 13. h3 Bf5 14. Nfd2 Bg6 15.
Nxd6 cxd6 16. Ba3 Ndb4 17. Nc4 Nxa2 18. Bxd6 Qg5 19. Bxf8 Nxc1 20. Qxc1 Rxf8
21. Bf3 Nb4 22. Bxb7 Bd3 23. Re1 Rb8 24. Ne5 Bc2 25. Bxa6 Bxb3 26. Be2 Bd5 27.
Bf1 Qe7 28. e4 Ba8 29. Re3 f6 30. Nf3 Qd6 31. Qc4 Nc6 32. Re1 Rb4 33. Qa2 Bb7
34. d5 exd5 35. exd5 Ne5 36. Nxe5 fxe5 37. Qa3 Qb6 38. Rxe5 Rb1 39. Re8+ Kf7
40. Qf8+ 1-0